000 00624nam a2200205Ia 4500
003 GCL
008 140319s9999 xx 000 0 ara d
040 _aGCL /
_cGCL
082 0 4 _a216
_bم م
100 1 _aمحمد المجذوب
245 1 0 _aمشكلات الجيل فى ضوء الاسلام /
_cمحمد المجذوب
260 _a[S.N] :
_bدار الاعتصام ،
_c1978
300 _a319 ص
490 _a
650 0 4 _aالاسلام
650 0 4 _aالاسلام والمسيحية
650 0 4 _aالاسلام والاصلاح الاجتماعى
650 0 4 _aرفع المطاعن
942 _2ddc
_cBK
999 _c29185
_d29185